| 000 | 00398nam a22001337a 4500 | ||
|---|---|---|---|
| 082 |
_a602 _bCOO _cL-6, P-21 |
||
| 100 |
_aCooper, H. J _940615 |
||
| 245 |
_aWorked Examples in Engineering Science _cH. J, Cooper |
||
| 260 |
_aLondon : _bThe Camelot Press Ltd London, _c1948. |
||
| 300 |
_a159p. : _bill,; _c10 cm. |
||
| 526 |
_a0 _b0 _c0 _d602_000000000000000_COO |
||
| 650 |
_aMCE _9379 |
||
| 942 |
_2ddc _cBK |
||
| 999 |
_c544867 _d544867 |
||